000 01756nam a22002897a 4500
001 8320
003 FISKH
005 20250909091937.0
008 250909b cb ||||| |||| 00| 0 eng d
020 _a9789996301926
040 _aFISKH
_bkhr
_cFISKH
_dFISKH
050 _aPZ7
082 _a398.2
100 _aPisey, Pol
245 _aយក្សក្បាលឆ្មា :
_bCat-headed giant /
260 _aPhnom Penh :
_bReading Books,
_c2013.
300 _a20 pages :
_bcolor illustrations ;
_c25 cm
505 _aL
520 _aយក្សក្បាលឆ្មា ជារឿងព្រេងប្រជាប្រិយកម្ពុជា អំពីយក្សមួយដែលមានក្បាលឆ្មា ហើយវាបំផ្លាញភូមិ។ ប្រជាជននៅក្នុងភូមិភ័យខ្លាច រហូតដល់មានវីរបុរសម្នាក់ប្រើប្រាស់ប្រាជ្ញា និងយុទ្ធវិធីដើម្បីឈ្នះយក្ស។ តាមរយៈកម្លាំងចិត្តហ្មត់ និងសហការគ្នា ប្រជាជនបានទទួលជ័យជំនះលើយក្ស។
520 _aCat-Headed Giant is a Cambodian folktale about a fearsome giant with the head of a cat who terrorizes a village. The villagers live in fear until a clever hero comes up with a plan to defeat the giant. Through bravery, wit, and cooperation, the villagers are able to overcome the monster.
521 8 _a510
_bLexile estimate
521 8 _aL
_bRaz-Plus
650 _aយក្ស
650 _aGiant
942 _2ddc
_cKHB
_n0
999 _c8320
_d8320